| 000 | 01004nam a2200217 i 4500 | ||
|---|---|---|---|
| 001 | 182597 | ||
| 003 | ES-MaACL | ||
| 005 | 20240514173351.0 | ||
| 008 | 131001s1868 sp bf |||| | spa d | ||
| 080 | _a908(460.156) | ||
| 100 | 1 |
_aBisso, José. _9125996 |
|
| 245 | 1 | 0 |
_aCrónica de la provincia de Álava / _cpor José Bisso. |
| 260 |
_aMadrid : _bRubio, Grilo y Vitturi, _c1868. |
||
| 300 |
_aVII, 78 p., [4] h. de lám., [1] h. de mapas ; _c32 cm. |
||
| 490 | 1 | _aCrónica general de España, ó sea Historia ilustrada y descriptiva de sus provincias, sus poblaciones más importantes de la península y de Ultramar | |
| 651 | 4 |
_aÁlava- _xDescripción. _9137406 |
|
| 651 | 4 |
_aÁlava- _xHistoria. _9153513 |
|
| 830 | 0 |
_aCrónica general de España, o sea Historia ilustrada y descriptiva de sus provincias, sus poblaciones más importantes de la península y posesiones de Ultramar _9224862 |
|
| 852 |
_aES-MaACL _jC-1579(4) _z.- Encuadernado con otras obras |
||
| 999 |
_c182597 _d182597 |
||